Loading...
| History - European | 2 | 3 | 1 | 1 | 55 | 26 | 98.20 | 2 | 3 | 12.90 | 24.93 |
| Fine Arts - Classical Music and Opera | 2 | 3 | 3 | 0 | 45 | 33 | 75.00 | 1 | 2 | 18.94 | 27.95 |
| Fine Arts - Other Arts | 1 | 3 | 2 | 1 | 35 | 56 | 111.75 | 1 | 3 | 7.68 | 20.79 |
| History - Other | 0 | 4 | 2 | 2 | 30 | 89 | 132.50 | 0 | 0 | 3.70 | 9.31 |
| Other Academic | 0 | 2 | 1 | 0 | 15 | 84 | 87.00 | 0 | 2 | 10.67 | 22.86 |
| History - World | 0 | 1 | 0 | 0 | 10 | 140 | 140.00 | 0 | 0 | 0.11 | 2.05 |
| Literature - American | 0 | 1 | 0 | 0 | 10 | 133 | 133.00 | 0 | 1 | 1.49 | 5.77 |
| Literature - European | 0 | 1 | 0 | 0 | 10 | 111 | 111.00 | 0 | 0 | 2.29 | 5.64 |
| Philosophy | 0 | 1 | 0 | 0 | 10 | 124 | 124.00 | 0 | 0 | 1.29 | 5.13 |
| Fine Arts - Painting and Sculpture | 0 | 1 | 1 | 0 | 5 | 116 | 116.00 | 0 | 1 | 1.74 | 5.77 |
| History - American | 0 | 0 | 0 | 0 | 0 | 0.00 | 0 | 0 | 0.00 | 0.00 |